| 000 | 01800nam a2200445 c 4500 | ||
|---|---|---|---|
| 999 |
_c153223 _d153223 |
||
| 003 | BLK | ||
| 005 | 20250329120848.0 | ||
| 008 | 180410b bul|||||r ||||||| ||bul|| | ||
| 010 | _aKNG00159752000 | ||
| 020 | _a978-954-27-0840-7 | ||
| 040 | _aBLK | ||
| 041 |
_aBUL _cBUL |
||
| 072 | 7 |
_2bullib _aН86 _xДетска отраслова литература Н |
|
| 080 |
_aМатематика. Естествени науки _b5 _x(031) _z5(031) |
||
| 080 |
_aУсловия на обкръжаващата среда. Биология на гората _b630.1 _x(031) _z630.1(031) |
||
| 139 |
_aМеденосладка енциклопедия _bМ 45 |
||
| 245 | 1 | 0 |
_aМеденосладка енциклопедия _bКн. 1 - 12 _cпрев. Ирина Атанасова Димитрова. _nКн. 6 _pГорите |
| 250 | _aНово изд. | ||
| 257 | _aUSA | ||
| 260 |
_c2012 _fотпеч. в Полша |
||
| 300 | _c28 см | ||
| 380 | _aDN | ||
| 490 |
_aDisney Любознание _9204933 |
||
| 490 |
_aDisney Мечо Пух _9203228 |
||
| 500 | _aИзд. на Disney. | ||
| 650 | 4 |
_aГори _9152269 |
|
| 650 | 4 |
_aЕнциклопедии, детски _9154962 |
|
| 653 | _aгори | ||
| 653 | _aенциклопедии | ||
| 653 | _aлитература за деца | ||
| 659 | _aН | ||
| 760 | 1 |
_bНово изд. _dЕгмонт България, 2012 _h40 с. : с цв. ил. _nОриг. загл.: My very first encyclopedia with Winnie the Pooh and friends: Earth; Forests. _tКн. 6 Горите |
|
| 852 | _aЦб ІІ 20031 | ||
| 856 | 4 | _qpdf | |
| 856 | 4 | _qpdf | |
| 942 |
_cKNG _n0 _s1 _015 |
||
| 944 |
_aCR _c16.04.2014 _k30542 _lРусанова Ирена |
||
| 944 |
_aED _c12.01.2015 _kГрета_Цуфелде |
||
| 999 | _d153223 | ||